| 000 | 00952nam a22002777a 4500 | ||
|---|---|---|---|
| 999 |
_c28970 _d28941 |
||
| 003 | EG-ScBUE | ||
| 005 | 20201020124248.0 | ||
| 008 | 200219s2013 ua f 000 0 ara d | ||
| 017 | _a2014/4790 | ||
| 020 | _a9789779686667 | ||
| 040 |
_aEG-ScBUE _bara _erda _cEG-ScBUE _dEG-ScBUE |
||
| 082 | 0 | 4 |
_a501.4 _bص ا ب _222 |
| 100 | 1 |
_aصابر، محمد، _d1941- _eمؤلف. |
|
| 245 | 1 | 0 |
_aكلمات علمية / _cتأليف دكتور محمد صابر. |
| 264 | 1 |
_aالقاهرة : _bالمركز القومي للبحوث، _c2013. |
|
| 300 |
_a236 صفحة ؛ _c24 سم. |
||
| 336 |
_2rdacontent _aنص _btxt |
||
| 337 |
_2rdamedia _aبدون وسيط _bn |
||
| 338 |
_2rdacarrier _aمجلد _bnc |
||
| 490 | 0 |
_aسلسلة المكتبة العلمية. _aكتب علمية مبسطة |
|
| 650 | 7 |
_aالعلوم _vمصطلحات. _2BUEsh |
|
| 651 | _2BUEsh | ||
| 653 |
_bGGEN _cOctober2020 |
||
| 655 |
_vReading book _934232 |
||
| 942 | _2ddc | ||